00691 2200253 4500001002100000005001500021035002500036090001600061245007400077260003700151300003800188008004100226082001200267084001400279650002100293650001300314100001900327500003000346040001700376850001200393041000800405990001200413990001200425YOGYA00000000004976420180824050142 a0010-081400000049482 aL 944 HUX g1 aGrey Eminence :ba study in religion and politics /cby Aldous Huxley3 aLondon :bChatto & Windus,c1949 a278 halaman :bilustrasi ;c21 cm180824 g 0 eng 04223a944 a944 HUX g 4aSejarah Perancis 4aBiografi1 aHuxley, Aldous aTeks dalam bahasa Inggris aYOPDYOGbind aYOPDYOG0 aeng a20858-A a20858-A